Wordt geladen...

Electricity Through Cogeneration: A Promising Development

Bibliografische gegevens
Hoofdauteur: Meshram J R, Dr
Andere auteurs: Gargi Malik
Taal:Undetermined
Onderwerpen:
LEADER 00556nab a2200169Ia 4500
008 170811c99999999xx |||||||||||| ||und||
100 |a Meshram J R, Dr.  
245 |a Electricity Through Cogeneration: A Promising Development 
300 |a 33-35 
653 |a  Electricity 
653 |a  Power Generation 
653 |a Thermal Energy 
700 |a  Gargi Malik 
773 |t Kurukshetra   |g Vol. 60 No. 6 (April) 2012 
942 |c ART 
999 |c 177945  |d 177945 
952 |0 0  |1 0  |4 0  |7 0  |9 243793  |a LIB  |b LIB  |d 2017-08-13  |h Vol. 60 No. 6 (April) 2012  |r 2017-08-13  |w 2017-08-13  |y ART